Elektronikus jegyrendszer bevezetése a helyi- és helyközi közösségi közlekedésben

Bibliographic Details
Main Author: Szabó Levente
Other Authors: Szabó Zsolt Antal
Format: Thesis
Kulcsszavak:e-ticket
Közösségi közlekedés
elektronikus jegyrendszer
Online Access:http://dolgozattar.uni-bge.hu/11694

MARC

LEADER 00000nta a2200000 i 4500
001 dolg11694
005 20170516135851.0
008 170516suuuu hu om 000 hun d
040 |a BGE Dolgozattár Repozitórium  |b hun 
041 |a hu 
100 1 |a Szabó Levente 
245 1 0 |a Elektronikus jegyrendszer bevezetése a helyi- és helyközi közösségi közlekedésben  |c Szabó Levente  |h [elektronikus dokumentum] 
246 1 1 |a Elektronikus jegyrendszer bevezetése a helyi- és helyközi közösségi közlekedésben 
695 |a e-ticket 
695 |a Közösségi közlekedés 
695 |a elektronikus jegyrendszer 
700 1 |a Szabó Zsolt Antal  |e ths 
856 4 0 |u http://dolgozattar.uni-bge.hu/11694/1/elektronikus_jegyrendszer_bevezetese_a_helyi_es_helykozi_kozossegi_kozlekedesben_scanned_vegleges.pdf  |z Dokumentum-elérés 
856 4 0 |u http://dolgozattar.uni-bge.hu/11694/7/SKMBT_C28017051612390.pdf  |z Dokumentum-elérés